000 00957nac a22002777a 4500
001 BR8005321
003 BR-BrBNA
005 20240105114758.0
008 230509b bl.|||m| |||| 00| 0 por d
040 _aBR-BrBNA
_bpor
_cBiblioteca Nacional de Agricultura
072 _aF00
090 _a0430 BR8005321
100 1 _aCrisostomo, J.R.
100 1 _aNeves, F. de P.
110 1 _aCentro Nacional de Pesquisa do Algodao, Campina Grande, PB (Brasil)
_91702
245 1 _aCategoria predominantes e producao de fibras de algodao obtidos no nordeste do Brasil no periodo 1975/78 [Gossypium hirsutum]
260 3 _aCampina Grande, PB (Brasil):
_c1980.
300 _a10 p.
490 _aComunicado Tecnico - Centro Nacional de Pesquisa do Algodao (Brazil)
_vno. 11
_x
650 _aALGODAO
650 _aFIBRA
650 _aINDUSTRIALIZACAO
650 _aREGIAO Nordeste
909 _a202312
_bLúcia Elande
_c55
_dLúcia Elande
942 _2AGRIS
_n0
_cMS
999 _c271246
_d271246